The monk who lived again (Record no. 22205)

MARC details
000 -LEADER
campo de control de longitud fija 00454ntaaa2200181 4500
003 - IDENTIFICADOR DE NÚMERO DE CONTROL
campo de control 01
005 - FECHA Y HORA DE LA ÚLTIMA TRANSACCIÓN
campo de control 20251027202712.0
008 - DATOS DE LONGITUD FIJA--INFORMACIÓN GENERAL
campo de control de longitud fija 0714s1973 ag 01
040 ## - FUENTE DE CATALOGACIÓN
Centro catalogador/agencia de origen AR-BaBN
Lengua de catalogación spa
Centro/agencia transcriptor AR-BaBN
Normas de descripción aacr
Centro/agencia modificador RIC
082 ## - NÚMERO DE LA CLASIFICACIÓN DECIMAL DEWEY
Número de clasificación 922.0000 M76p
100 ## - ENTRADA PRINCIPAL--NOMBRE DE PERSONA
Nombre de persona Pearson, B. H
9 (RLIN) 26739
245 ## - MENCIÓN DEL TÍTULO
Título The monk who lived again
250 ## - MENCION DE EDICION
Mención de edición 1 ed.
260 ## - PUBLICACIÓN, DISTRIBUCIÓN, ETC.
Lugar de publicación, distribución, etc. Los Angeles :
Nombre del editor, distribuidor, etc. Cowman Pu,
Fecha de publicación, distribución, etc. 19591952
300 ## - DESCRIPCIÓN FÍSICA
Extensión 178 p
650 ## - PUNTO DE ACCESO ADICIONAL DE MATERIA--TÉRMINO DE MATERIA
Término de materia o nombre geográfico como elemento de entrada Montaño, Walter Manuel
9 (RLIN) 26740
942 ## - ELEMENTOS DE ENTRADA SECUNDARIOS (KOHA)
Tipo de ítem Koha Colección General
Holdings
Estatus retirado Estado de pérdida Estado de daño No para préstamo Biblioteca de origen Biblioteca actual Fecha de adquisición Número de inventario Total de préstamos Signatura topográfica completa Código de barras Visto por última vez Precio de reemplazo Tipo de ítem Koha
        Biblioteca Pluis Biblioteca Pluis 27/10/2025 30351   922.0000 M76p 30351 27/10/2025 27/10/2025 Colección General